000 00436nam a2200181 a 4500
001 18784
005 20180713212131.0
008 140415s1945 ag 000 0 spa d
041 _aspa
082 _a581
_bSIL
100 1 _aCOLLA, ADA SILVIA
245 1 0 _aCOMO VIVEN LAS PLANTAS
250 _a1a ed.
260 _aARGENTINA :
_bLOSADA,
_c1945
300 _a189
490 _aCIENCIA Y VIDA
650 1 4 _aBOTANICA
999 _c18784
_d18784